Normal view
MARC view
Entry Personal Name
001 - CONTROL NUMBER
- control field: 871801
003 - CONTROL NUMBER IDENTIFIER
- control field: OSt
005 - DATE AND TIME OF LATEST TRANSACTION
- control field: 20260114185558.0
008 - FIXED-LENGTH DATA ELEMENTS
- fixed length control field: 260114|| aca||aabn | a|a d
040 ## - CATALOGING SOURCE
- Original cataloging agency: OSt
- Transcribing agency: OSt
100 ## - HEADING--PERSONAL NAME
- Personal name: J.A.E Curtis
670 ## - SOURCE DATA FOUND
- Source citation: Work cat.: (OSt)1470749: J.A.E Curtis, New Drama in Russian Performance, Politics and Protest in Russia, Ukraine and Belarus, 2020
